ბათუმის შოთა რუსთაველის სახელმწიფო უნივერსიტეტის ბიბლიოთეკა

მცირე ადგილები, ვრცელი საკითხები : (ბიბ.ჩანაწერი № 57101)

000 -ლიდერი
ფიქსირებული სიგრძის საკონტროლო ველი 02566nam a22003137a 4500
003 - საკონტროლო ნომრის იდენტიფიკატორი
საკონტროლო ველი Ge_BSU
005 - ბოლო ოპერაციის თარიღი და დრო
საკონტროლო ველი 20250327124324.0
008 - ფიქსირებული სიგრძის მონაცემთა ელემენტები - ზოგადი ინფორმაცია
ფიქსირებული სიგრძის საკონტროლო ველი 191119s2019 ge ||||| |||| 00| 0 geo d
020 ## - წიგნის საერთაშორისო სტანდარტული ნომერი
International Standard Book Number 9789941165580
041 ## - ენის კოდი
Language code of text/sound track or separate title geo
Language code of original and/or intermediate translations of text eng
080 ## - უნივერსალური ათობითი კლასიფიკაციის ინდექსი
Universal Decimal Classification number 572+39+811 ე-78
100 ## - მთავარი ჩანაწერი - პიროვნების სახელი
Personal name ერიქსენი,თომას ჰილანდ
9 (RLIN) 5423
245 ## - ცნობა სათაურის შესახებ
Title მცირე ადგილები, ვრცელი საკითხები :
Remainder of title შესავალი სოციალურ და კულტურულ ანთროპოლოგიაში = Small Places,Large Issues:An Introduction to social and Cultural Anthropology /
Statement of responsibility, etc თომას ჰილანდ ერიქსენი ; ქართულ ენაზე თარგმნეს : ლია დავითაძემ და რუსლან ბარამიძემ ; მთ. რედ.რუსლან ბარამიძე ; რედ : თამთა ხალვაში, ლია დავითაძე.
250 ## - გამოცემის ცნობა
Edition statement მე-4 გამოცემა
264 ## - წარმოების, გამოცემის, დისტრიბუციის და სხვა ცნობები
გამოცემის, წარმოების, დისტრიბუციის... ადგილი თბილისი :
გამოცემის, წარმოების, დისტრიბუციის... სახელწოდება საქართველოს მაცნე,
გამოცემის, წარმოების, დისტრიბუციის... თარიღი 2018.
300 ## - ფიზიკური აღწერა
Extent 434 გვ. ;
Dimensions 24 სმ.
500 ## - ზოგადი შენიშვნა
General note ყდაზე: შოთა გუჯაბიძის ფოტო "ალი და ნინოს" გადამუშავებული ვერსია.
501 ## - შენიშვნა თანმხლებ მასალაზე
With note საძიებელი: გვ. 417-430.
504 ## - BIBLIOGRAPHY, ETC. NOTE
Bibliography, etc ბიბლიოგრაფია: გვ. 396-416.
653 ## - INDEX TERM--UNCONTROLLED
Uncontrolled term სოციალური ანთროპოლოგია
653 ## - INDEX TERM--UNCONTROLLED
Uncontrolled term კულტურული ანთროპოლოგია
700 ## - ADDED ENTRY--PERSONAL NAME
Personal name დავითაძე, ლია
Relator term მთარგმნელი
9 (RLIN) 5424
700 ## - ADDED ENTRY--PERSONAL NAME
Personal name ბარამიძე, რუსლან
Relator term მთარგმნელი
9 (RLIN) 5425
700 ## - ADDED ENTRY--PERSONAL NAME
Personal name ბარამიძე, რუსლან
Relator term მთავარი რედაქტორი
9 (RLIN) 5426
700 ## - ADDED ENTRY--PERSONAL NAME
Personal name ხალვაში, თამთა
Relator term რედაქტორი
9 (RLIN) 5427
700 ## - ADDED ENTRY--PERSONAL NAME
Personal name დავითაძე, ლია
Relator term რედაქტორი
9 (RLIN) 5424
710 ## - ADDED ENTRY--CORPORATE NAME
Relator term წიგნი ითარგმნა აჭარის ა.რ. განათლების, კულტურისა და სპორტის სამინისტროს უმაღლესი განათლების ხელშეწყობის პროგრამის ფარგლებში.
9 (RLIN) 5428
942 ## - ADDED ENTRY ELEMENTS (KOHA)
Source of classification or shelving scheme
Koha item type წიგნი
ეგზემპლარები
ჩამოწერის სტატუსი დაკარგული ეგზემპლარის სტატუსი კლასიფიკაციის წყარო ან თაროზე გაწყობის სქემა დაზიანების სტატუსი არ გაიცემა მუდმივი მდებარეობა (დაცვის ადგილი) ამჟამინდელი ადგილსამყოფელი თაროზე განთავსების ადგილი შეძენის თარიღი ღირებულება, შესყიდვის ნორმალური ფასი სრული შენახვის შიფრი შტრიხკოდი ბოლო ოპერაციის თარიღი ეგზემპლარის მიმდევრობითი ნომერი (კეტერი?) ფასის ძალაში შესვლის თარიღი ეგზემპლარის სახეობა საჯარო შენიშვნა Uniform Resource Identifier
          ბათუმის შოთა რუსთაველის სახელმწიფო უნივერსიტეტის მთავარი ბიბლიოთეკა ბათუმის შოთა რუსთაველის სახელმწიფო უნივერსიტეტის მთავარი ბიბლიოთეკა წიგნსაცავი 2019-11-19 35.00 572+39+811 ე-78 59133 2019-11-19 59133 2019-11-19 წიგნი 35.00  
          ბათუმის შოთა რუსთაველის სახელმწიფო უნივერსიტეტის მთავარი ბიბლიოთეკა ბათუმის შოთა რუსთაველის სახელმწიფო უნივერსიტეტის მთავარი ბიბლიოთეკა წიგნსაცავი 2019-11-19 35.00 572+39+811 ე-78 59134 2019-11-19 59134 2019-11-19 წიგნი 35.00  
          ბათუმის შოთა რუსთაველის სახელმწიფო უნივერსიტეტის მთავარი ბიბლიოთეკა ბათუმის შოთა რუსთაველის სახელმწიფო უნივერსიტეტის მთავარი ბიბლიოთეკა წიგნსაცავი 2019-11-19 35.00 572+39+811 ე-78 59135 2019-11-19 59135 2019-11-19 წიგნი 35.00  
          ბათუმის შოთა რუსთაველის სახელმწიფო უნივერსიტეტის მთავარი ბიბლიოთეკა ბათუმის შოთა რუსთაველის სახელმწიფო უნივერსიტეტის მთავარი ბიბლიოთეკა წიგნსაცავი 2019-11-19 35.00 572+39+811 ე-78 59136 2019-11-19 59136 2019-11-19 წიგნი 35.00  
          ბათუმის შოთა რუსთაველის სახელმწიფო უნივერსიტეტის მთავარი ბიბლიოთეკა ბათუმის შოთა რუსთაველის სახელმწიფო უნივერსიტეტის მთავარი ბიბლიოთეკა წიგნსაცავი 2019-11-19 35.00 572+39+811 ე-78 59137 2019-11-19 59137 2019-11-19 წიგნი 35.00  
          ბათუმის შოთა რუსთაველის სახელმწიფო უნივერსიტეტის მთავარი ბიბლიოთეკა ბათუმის შოთა რუსთაველის სახელმწიფო უნივერსიტეტის მთავარი ბიბლიოთეკა წიგნსაცავი 2019-11-19 35.00 572+39+811 ე-78 59138 2019-11-19 59138 2019-11-19 წიგნი 35.00  
          ბათუმის შოთა რუსთაველის სახელმწიფო უნივერსიტეტის მთავარი ბიბლიოთეკა ბათუმის შოთა რუსთაველის სახელმწიფო უნივერსიტეტის მთავარი ბიბლიოთეკა წიგნსაცავი 2019-11-19 35.00 572+39+811 ე-78 59139 2019-11-19 59139 2019-11-19 წიგნი 35.00  
          ბათუმის შოთა რუსთაველის სახელმწიფო უნივერსიტეტის მთავარი ბიბლიოთეკა ბათუმის შოთა რუსთაველის სახელმწიფო უნივერსიტეტის მთავარი ბიბლიოთეკა წიგნსაცავი 2019-11-19 35.00 572+39+811 ე-78 59140 2019-11-19 59140 2019-11-19 წიგნი 35.00  
          ბათუმის შოთა რუსთაველის სახელმწიფო უნივერსიტეტის მთავარი ბიბლიოთეკა ბათუმის შოთა რუსთაველის სახელმწიფო უნივერსიტეტის მთავარი ბიბლიოთეკა წიგნსაცავი 2021-05-19 35.00 572+39+811 ე-78 61342 2021-05-19 61342 2021-05-19 წიგნი 35.00  
          ბათუმის შოთა რუსთაველის სახელმწიფო უნივერსიტეტის მთავარი ბიბლიოთეკა ბათუმის შოთა რუსთაველის სახელმწიფო უნივერსიტეტის მთავარი ბიბლიოთეკა წიგნსაცავი 2025-02-07 25.00 572+39+811 ე-78 70601 2025-02-07 70601 2025-02-07 წიგნი 25.00 ნაჩუქარი
          ბათუმის შოთა რუსთაველის სახელმწიფო უნივერსიტეტის მთავარი ბიბლიოთეკა ბათუმის შოთა რუსთაველის სახელმწიფო უნივერსიტეტის მთავარი ბიბლიოთეკა წიგნსაცავი 2025-03-26 25.00 572+39+811 ე-78 70951 2025-03-26 70951 2025-03-26 წიგნი 25.00 ნაჩუქარი